| 000 | 00645nam a2200217 a 4500 | ||
|---|---|---|---|
| 999 |
_c8490 _d8490 |
||
| 001 | 8490 | ||
| 003 | BD-JhCC | ||
| 005 | 20221025134021.0 | ||
| 008 | 180226s1985 bg a|||| ||a| 001 0 ben d | ||
| 035 | _a(BD-JhCC)8490 | ||
| 040 |
_aBD-JhCC _dBD-JhCC |
||
| 041 | _aben | ||
| 082 |
_a780.3 _bGOS 1985 |
||
| 100 | _aগোস্বামী, করুণাময় | ||
| 245 |
_aসংগীতকোষ / _cকরুণাময় গোস্বামী |
||
| 260 |
_aঢাকা : _bবাংলা একাডেমী, _c1985 |
||
| 300 |
_a869 p. : _c22 cm. |
||
| 650 |
_aMusic _xDictionaries |
||
| 942 |
_2ddc _cBK _01 |
||